000 00950nmc a2200337 a 4500
003 AR-BaBNM
005 20251128204206.0
008 166019s1984 ||||||||||||||000 | spa||
020 _a950-25-0056-3
040 _cAR-BaBNM
245 1 0 _aLey 1420
_b1883-1884 : debate parlamentario
260 _aBuenos Aires
_bCentro Editor de América Latina
_c1984
300 0 _a2 v.
490 0 _aBiblioteca política argentina
_vv. 56-57
600 1 4 _aAchaval Rodríguez, Moisés
600 1 4 _aLeguizamón, Onésimo
_d1837-1886
650 4 _aDEBATES
650 4 _aEDUCACION LAICA
650 4 _aIGLESIA Y ESTADO
651 4 _aArgentina
653 0 _aEDUCACION PUBLICA
653 _aCONGRESO PEDAGOGICO
653 0 _aLEY 1420
653 0 _aEDUCACION GRATUITA
653 0 _aEDUCACION PRIMARIA
653 0 _aLEGISLACION EDUCATIVA
700 1 _aWeinberg, Gregorio
_ecompilador
800 1 _aTroncoso, Oscar
942 _cBK
998 _cEnrique
999 _c6542
_d6542